[Event "Frankfurt-chB"]
[Site "Frankfurt"]
[Date "2014.05.26"]
[Round "5"]
[White "Fredershausen, Kurt"]
[Black "Sirtl, Eric"]
[Result "1-0"]
[WhiteElo "1022"]
[BlackElo "878"]
[PlyCount "82"]
[EventDate "2014.04.28"]
[EventType "swiss"]
[EventRounds "7"]
[EventCountry "GER"]
[SourceTitle "EXT 2015"]
[Source "ChessBase"]
[SourceDate "2014.11.20"]
[SourceVersion "1"]
[SourceVersionDate "2014.11.20"]
[SourceQuality "1"]

1. e4 e5 2. Nf3 d6 3. d4 g6 4. Bc4 Bg4 5. h3 Be6 6. Bxe6 fxe6 7. Bg5 Be7 8. Bxe7 Qxe7 9. dxe5 d5 10. Nc3 dxe4 11. Nxe4 Qb4+ 12. Ned2 Qxb2 13. Qb1 Qxb1+ 14. Rxb1 b6 15. 0-0 Nc6 16. Ng5 0-0-0 17. Rbd1 Nxe5 18. Rfe1 h6 19. Nxe6 Kd7 20. Nxd8 Kxd8 21. Rxe5 Kc8 22. Rde1 Nf6 23. Ne4 Nxe4 24. R1xe4 Kb7 25. Re8 Rh7 26. R4e7 Rxe7 27. Rxe7 a5 28. Re6 c6 29. c4 b5 30. c5 b4 31. Re3 Ka6 32. a3 Kb5 33. axb4 axb4 34. Re8 Kxc5 35. Rb8 Kc4 36. Kf1 Kc3 37. Rc8 Kb2 38. Rxc6 b3 39. Rxg6 Kc2 40. Rxh6 b2 41. Rb6 b1Q+ 1-0